Thiền sư và em bé 5 tuổi : Phương pháp trị liệu khổ đau từ thời thơ ấu

Bàn về phương pháp trị liệu bắt đầu từ em bé bên trong mỗi người và mang đến một cái nhìn đầy tinh tế, sâu sắc, hiệu quả để mỗi người có thể tự chữa lành những tổn thương trong quá khứ, chuyển hoá khổ đau, tìm được con đường...

Popoln opis

Shranjeno v:
Bibliografske podrobnosti
Glavni avtor: Thích Nhất Hạnh
Format: Knjiga
Jezik:Vietnamese
Izdano: H. Dân Trí 2024
Izdaja:Tái bản lần thứ 4
Teme:
Oznake: Označite
Brez oznak, prvi označite!
Thư viện lưu trữ: Thư viện Trường Đại học Nam Cần Thơ
LEADER 01244nam a22002057a 4500
001 NCT_4_010026
008 240618b xxu||||| |||| 00| 0 vie d
999 |c 8444  |d 8444 
020 |a 9786044012728  |c 120000 
082 0 4 |2 23rd ed.  |a 294.34  |b H107 
100 1 |a Thích Nhất Hạnh 
245 1 0 |a Thiền sư và em bé 5 tuổi :  |b Phương pháp trị liệu khổ đau từ thời thơ ấu  |c Thích Nhất Hạnh 
250 |a Tái bản lần thứ 4 
260 |a H.  |b Dân Trí  |c 2024 
300 |a 231 tr.  |c 21cm 
520 3 |a  Bàn về phương pháp trị liệu bắt đầu từ em bé bên trong mỗi người và mang đến một cái nhìn đầy tinh tế, sâu sắc, hiệu quả để mỗi người có thể tự chữa lành những tổn thương trong quá khứ, chuyển hoá khổ đau, tìm được con đường giải thoát và sống hạnh phúc 
653 |a Tham khảo 
942 |2 ddc  |c BK 
952 |0 0  |1 0  |2 ddc  |4 0  |6 294_340000000000000_H107  |7 0  |9 29129  |a 000001  |b 000001  |d 2024-06-18  |o 294.34 H107  |p TK.04375  |r 2024-06-18  |v 120000.00  |w 2024-06-18  |y BK 
980 |a Thư viện Trường Đại học Nam Cần Thơ